[Event "AUTO-ADV-4849"]
[Site "http://www.queenalice.com/game.php?id=1853047"]
[Date "2025.2.28"]
[Round "1"]
[White "Quique68"]
[Black "chessman"]
[Result "1-0"]
[WhiteElo "1961"]
[BlackElo "1993"]

1. d4 d5 2. c4 e6 3. Nc3 Nf6 4. Bg5 Be7 5. e3 a6 6. Nf3 O-O 7. Rc1 c6 8. Bd3
Nbd7 9. O-O Re8 10. cxd5 exd5 11. Bb1 Nf8 12. Ne5 N6d7 13. Bxe7 Qxe7 14. Nxd7
Bxd7 15. Re1 Ng6 16. Bd3 Be6 17. Na4 Qc7 18. Nc5 a5 19. Qb3 b6 20. Nxe6 Rxe6 21.
h3 Rd8 22. Rc3 Qd6 23. Qxb6 Rb8 24. Qxa5 Rxb2 25. Rec1 Qd7 26. Bf5 h6 27. Bxe6
Qxe6 28. Rxc6 Qf5 29. Rf1 Kh7 30. Qa7 Qd3 31. Qxf7 Nh8 32. Qxd5 1-0

[Event "Challenge"]
[Site "http://www.queenalice.com/game.php?id=1853085"]
[Date "2025.3.1"]
[Round "-"]
[White "jogo"]
[Black "chessman"]
[Result "0-1"]
[WhiteElo "1753"]
[BlackElo "1929"]

1. e4 e6 2. d4 d5 3. e5 c5 4. Bb5+ Bd7 5. Bxd7+ Nxd7 6. c3 cxd4 7. cxd4 Qb6 8.
a3 Ne7 9. f4 Nc6 10. Nf3 O-O-O 11. Nc3 h6 12. O-O Be7 0-1

[Event "AUTO-ADV-4850"]
[Site "http://www.queenalice.com/game.php?id=1853359"]
[Date "2025.3.6"]
[Round "1"]
[White "juim"]
[Black "chessman"]
[Result "1-0"]
[WhiteElo "1660"]
[BlackElo "1901"]

1. e4 e6 2. d4 d5 3. e5 c5 4. dxc5 Bxc5 5. Nf3 Nc6 6. Bg5 Qb6 7. b3 Bxf2+ 8. Ke2
h6 9. Bf4 Nd4+ 10. Nxd4 Bxd4 11. c3 Bc5 12. b4 Be7 13. Na3 Bd7 14. g3 Bb5+ 15.
c4 dxc4 16. Nxb5 Qxb5 17. Kf2 Qxb4 18. Rb1 Qc5+ 19. Kg2 b5 20. Qf3 Rc8 21. Qb7
Qd5+ 22. Qxd5 exd5 23. Rxb5 h5 24. Be2 g5 25. Be3 Ra8 26. Rxd5 Rc8 27. Bd4 a6
28. e6 Rh7 29. exf7+ Kxf7 30. Rc1 h4 31. Bxc4 Kf8 32. Rf5+ 1-0

[Event "AUTO-ADV-4850"]
[Site "http://www.queenalice.com/game.php?id=1853360"]
[Date "2025.3.6"]
[Round "1"]
[White "chessman"]
[Black "juim"]
[Result "1-0"]
[WhiteElo "1926"]
[BlackElo "1671"]

1. e4 d5 2. exd5 Qxd5 3. Nf3 Qe4+ 4. Be2 Bg4 5. O-O Nc6 6. Nc3 Qg6 7. d4 O-O-O
8. a4 Bxf3 9. Bxf3 e6 10. Bxc6 bxc6 11. Qf3 Ne7 12. Be3 Qxc2 13. Rfc1 Qg6 14. b4
Rd6 15. b5 Nd5 16. bxc6 Rxc6 17. Nxd5 Rxc1+ 18. Rxc1 exd5 19. Qxd5 Kb8 20. Qd8+
Kb7 21. Qxc7+ Ka6 22. Rc6+ Qxc6 23. Qxc6+ Ka5 24. Qb5# 1-0

[Event "AUTO-MASTER-3248"]
[Site "http://www.queenalice.com/game.php?id=1853381"]
[Date "2025.3.6"]
[Round "2"]
[White "chessman"]
[Black "checkers4me"]
[Result "0-1"]
[WhiteElo "1898"]
[BlackElo "2368"]

1. e4 e5 2. Nf3 Nc6 3. Bb5 Nf6 4. O-O d6 5. Re1 Bd7 6. d4 exd4 7. Nxd4 Nxd4 8.
Bxd7+ Qxd7 9. Qxd4 Be7 10. Nc3 O-O 11. Nd5 Nxd5 12. Qxd5 c6 13. Qd1 Rfe8 14. Bf4
d5 15. exd5 cxd5 16. c3 Bc5 17. Rxe8+ Rxe8 18. a3 Re4 19. Bg3 f5 20. h3 f4 21.
Bh2 Qe6 22. Qf3 Re1+ 0-1

[Event "AUTO-MASTER-3248"]
[Site "http://www.queenalice.com/game.php?id=1853382"]
[Date "2025.3.6"]
[Round "2"]
[White "checkers4me"]
[Black "chessman"]
[Result "1-0"]
[WhiteElo "2370"]
[BlackElo "1901"]

1. d4 d5 2. c4 c6 3. Nf3 e6 4. Nc3 Nf6 5. Bg5 Be7 6. Bxf6 Bxf6 7. e3 O-O 8. Bd3
Re8 9. O-O Nd7 10. Re1 Nf8 11. g3 e5 12. dxe5 Bxe5 13. Nxe5 Rxe5 14. cxd5 cxd5
15. Be4 Bh3 16. Bxd5 h6 17. Bxb7 Qxd1 18. Nxd1 Rb8 19. f4 Rc5 20. Bf3 Rc2 21. b3
Rd8 22. Be4 Rcd2 23. Nf2 Bc8 24. Red1 1-0

[Event "AUTO-OPEN-4580"]
[Site "http://www.queenalice.com/game.php?id=1853434"]
[Date "2025.3.7"]
[Round "1"]
[White "hjs50667"]
[Black "chessman"]
[Result "1-0"]
[WhiteElo "2203"]
[BlackElo "1926"]

1. d4 d5 2. c4 c6 3. Nf3 Nf6 4. Nc3 e6 5. Bg5 Be7 6. e3 O-O 7. Rc1 a6 8. Bd3 Re8
9. O-O Nbd7 10. Qc2 h6 11. Bh4 Nf8 12. Ne5 Bd7 13. c5 Qc7 14. Na4 Bc8 15. Nb6
N6d7 16. Nxa8 1-0

[Event "AUTO-OPEN-4580"]
[Site "http://www.queenalice.com/game.php?id=1853435"]
[Date "2025.3.7"]
[Round "1"]
[White "chessman"]
[Black "hjs50667"]
[Result "0-1"]
[WhiteElo "1913"]
[BlackElo "2231"]

1. e4 e6 2. d4 d5 3. e5 c5 4. c3 Nc6 5. f4 Qb6 6. Nf3 Bd7 7. Be2 cxd4 8. cxd4
Bb4+ 9. Nc3 Nge7 10. O-O O-O 11. Bd3 Nxd4 12. Kh1 Nxf3 13. Qxf3 f5 14. exf6 Rxf6
15. a3 Bc5 16. Bd2 Qxb2 17. Qe2 Qb6 18. f5 Nxf5 19. Bxf5 Rxf5 20. Rxf5 exf5 21.
Nxd5 Qd6 22. Nc3 Re8 23. Qd1 Bc6 24. Bg5 Qxd1+ 25. Rxd1 Bxa3 0-1

[Event "AUTO-MASTER-3256"]
[Site "http://www.queenalice.com/game.php?id=1853561"]
[Date "2025.3.9"]
[Round "1"]
[White "JailtonMaster"]
[Black "chessman"]
[Result "1-0"]
[WhiteElo "2131"]
[BlackElo "1937"]

1. e4 e6 2. d4 d5 3. exd5 exd5 4. Bd3 Nf6 5. Nf3 Bd6 6. O-O O-O 7. Bg5 c6 8. h3
Nbd7 9. Nbd2 Be7 10. Re1 Re8 11. c3 Nf8 12. Qc2 a6 13. Re2 Be6 14. Rae1 h6 15.
Bh4 Rc8 16. b3 c5 17. dxc5 Bxc5 18. Kh1 b5 19. Nf1 Qe7 20. Ne3 Bxe3 21. Rxe3 Rc6
22. Nd4 Rc7 23. f4 Qd6 24. Bxf6 gxf6 25. f5 1-0

[Event "AUTO-MASTER-3256"]
[Site "http://www.queenalice.com/game.php?id=1853562"]
[Date "2025.3.9"]
[Round "1"]
[White "chessman"]
[Black "JailtonMaster"]
[Result "0-1"]
[WhiteElo "1921"]
[BlackElo "2117"]

1. e4 c5 2. Nf3 d6 3. Bb5+ Bd7 4. Bxd7+ Qxd7 5. O-O Nf6 6. Re1 e5 7. c3 Nc6 8.
d4 cxd4 9. cxd4 Be7 10. Nc3 Rd8 11. d5 Na5 12. h3 O-O 13. Qe2 b6 14. b4 Nb7 15.
Bg5 Rc8 16. Rac1 h6 17. a3 hxg5 0-1

[Event "AUTO-MASTER-3256"]
[Site "http://www.queenalice.com/game.php?id=1853575"]
[Date "2025.3.9"]
[Round "1"]
[White "chessman"]
[Black "hjs50667"]
[Result "0-1"]
[WhiteElo "1910"]
[BlackElo "2233"]

1. e4 e6 2. d4 d5 3. e5 c5 4. c3 Nc6 5. f4 Qb6 6. Nf3 Bd7 7. Bd3 cxd4 8. cxd4
Nxd4 9. Nc3 Nxf3+ 10. Qxf3 Bc5 11. a3 Ne7 12. b4 Bd4 13. Bb2 Rc8 14. Rc1 O-O 15.
Ke2 a5 16. f5 axb4 17. axb4 Nxf5 18. Bxf5 exf5 19. Nxd5 Qa6+ 20. Kd1 Bxb2 21.
Ne7+ Kh8 22. Rxc8 Bxc8 23. h4 Qa1+ 0-1

[Event "AUTO-MASTER-3256"]
[Site "http://www.queenalice.com/game.php?id=1853576"]
[Date "2025.3.9"]
[Round "1"]
[White "hjs50667"]
[Black "chessman"]
[Result "1-0"]
[WhiteElo "2228"]
[BlackElo "1936"]

1. e4 e6 2. d4 d5 3. Nc3 dxe4 4. Nxe4 Nd7 5. Nf3 Ngf6 6. Bd3 Nxe4 7. Bxe4 Nf6 8.
Bd3 Bd6 9. O-O O-O 10. Bg5 Be7 11. c3 a6 12. Ne5 c5 13. dxc5 Bxc5 14. Qc2 h6 15.
Bh4 Qc7 16. Qe2 Nd5 17. Bg3 Qb6 18. Rad1 f5 19. Rfe1 f4 20. Bh4 g5 21. Qh5 1-0

[Event "AUTO-ADV-4851"]
[Site "http://www.queenalice.com/game.php?id=1853625"]
[Date "2025.3.10"]
[Round "1"]
[White "chessman"]
[Black "Connor"]
[Result "0-1"]
[WhiteElo "1920"]
[BlackElo "1848"]

1. e4 e5 2. Nf3 d6 3. d4 exd4 4. Nxd4 Bd7 5. Be2 Nc6 6. O-O Nf6 7. Nc3 a6 8. Bg5
Be7 9. h3 h6 10. Bh4 Ne5 11. f4 Nc6 12. a3 Nh7 13. Bxe7 Qxe7 14. Bf3 Rb8 15. Nd5
Qd8 16. Qd3 Nxd4 17. Qxd4 O-O 18. c4 Be6 19. f5 Bxd5 20. cxd5 Nf6 21. b4 Nd7 22.
Rf2 Ne5 23. Raf1 Qf6 24. Rc1 Nxf3+ 0-1

[Event "AUTO-OPEN-4581"]
[Site "http://www.queenalice.com/game.php?id=1853794"]
[Date "2025.3.12"]
[Round "1"]
[White "chessman"]
[Black "Canaye14"]
[Result "1-0"]
[WhiteElo "1923"]
[BlackElo "1873"]

1. e4 e6 2. d4 d5 3. e5 c5 4. c3 Nc6 5. f4 cxd4 6. cxd4 Qb6 7. Nf3 Bb4+ 8. Nc3
Bd7 9. a3 Bxc3+ 10. bxc3 Nge7 11. Bd3 h6 12. O-O O-O 13. h3 Rac8 14. Be3 f5 15.
Bf2 Ng6 16. Bc2 Nxf4 17. Qd2 Ng6 18. g4 Qd8 19. gxf5 exf5 20. Rae1 Be6 21. Kh2
Na5 22. Rg1 Kh7 23. Rg2 Nc4 24. Qc1 Nb6 25. Reg1 Bf7 26. e6 Be8 27. Ne5 Rf6 28.
Nxg6 Bxg6 29. Rxg6 Rxg6 30. Bxf5 Qf6 31. Bxg6+ Kh8 32. Qc2 Nc4 33. Bf7 Nd6 34.
Rg6 Qf4+ 35. Bg3 Qf1 36. Bxd6 h5 37. Rh6+ gxh6 38. Be5+ 1-0

[Event "AUTO-ADV-4813"]
[Site "http://www.queenalice.com/game.php?id=1853866"]
[Date "2025.3.14"]
[Round "2"]
[White "Canaye14"]
[Black "chessman"]
[Result "1-0"]
[WhiteElo "1852"]
[BlackElo "1932"]

1. d4 d5 2. Bf4 e6 3. Nf3 Nf6 4. c3 Bd6 5. Bg3 c5 6. e3 O-O 7. Bd3 Nc6 8. Ne5
Re8 9. Nd2 cxd4 10. cxd4 a6 11. Rc1 Bd7 12. Nxf7 Kxf7 13. Bxd6 e5 14. Ba3 exd4
15. O-O dxe3 16. fxe3 Rxe3 17. Bb1 Re8 18. Rc3 Rc8 19. Rg3 g6 20. Nf3 Kg7 21.
Ng5 Be6 22. b3 Nh5 23. Bb2+ Kg8 24. Nxe6 Qb6+ 25. Nd4 Nxg3 26. hxg3 Qc7 27. Nxc6
bxc6 28. Qd4 Rcd8 29. Qh8# 1-0

[Event "AUTO-ADV-4813"]
[Site "http://www.queenalice.com/game.php?id=1853867"]
[Date "2025.3.14"]
[Round "2"]
[White "chessman"]
[Black "Canaye14"]
[Result "1/2-1/2"]
[WhiteElo "1899"]
[BlackElo "1868"]

1. e4 e6 2. d4 d5 3. exd5 exd5 4. Bd3 Nf6 5. Nf3 c5 6. dxc5 Bxc5 7. O-O O-O 8.
Re1 Nc6 9. Bg5 h6 10. Bh4 Bg4 11. Nc3 Nd4 12. Be2 Nxe2+ 13. Qxe2 Re8 14. Qd1
Rxe1+ 15. Qxe1 Bxf3 16. gxf3 Qd6 17. Rd1 Re8 18. Qd2 d4 19. Nb5 Qb6 20. Bxf6
Qxf6 21. Nxd4 Bxd4 22. Qxd4 Qxf3 23. Qd2 Re5 24. Qd8+ Kh7 25. Qd3+ Qf5 26. Qxf5+
Rxf5 27. Rd2 Rb5 28. b3 g5 29. c4 Rb6 30. Kf1 Kg6 31. Kg2 f5 32. h4 g4 33. Kg3
h5 34. f3 a5 35. Rd5 a4 36. Rd3 axb3 37. axb3 Re6 38. b4 b6 39. Rc3 Rf6 40. c5
f4+ 41. Kg2 bxc5 42. bxc5 g3 43. c6 Rf8 44. Rc5 Rc8 45. Rg5+ Kh6 46. Rf5 Rxc6
47. Rxf4 Rg6 48. Rf5 Rg7 49. Rg5 Rxg5 50. hxg5+ Kxg5 1/2-1/2

[Event "AUTO-ADV-4813"]
[Site "http://www.queenalice.com/game.php?id=1853871"]
[Date "2025.3.14"]
[Round "2"]
[White "Fredo"]
[Black "chessman"]
[Result "1-0"]
[WhiteElo "2095"]
[BlackElo "1899"]

1. Nf3 d5 2. g3 e6 3. Bg2 Nf6 4. O-O a6 5. d4 Bd6 6. c3 c5 7. e3 O-O 8. Nbd2 Nc6
9. Re1 Re8 10. e4 dxe4 11. Ng5 cxd4 12. Ndxe4 e5 13. Bd2 h6 14. Nxd6 Qxd6 15.
Ne4 Nxe4 16. Bxe4 Be6 17. cxd4 exd4 18. Bf4 Qd7 19. b3 Rad8 20. a3 Bf5 21. Bg2
Rxe1+ 22. Qxe1 b5 23. Rc1 Ne7 24. Rc7 1-0